[Event "Reykjavik op"]
[Site "Reykjavik"]
[Date "2025.04.13"]
[Round "7"]
[White "Wadelek, Karol"]
[Black "Grenier, Jean Luc"]
[Result "1-0"]
[WhiteElo "1979"]
[BlackElo "1798"]
[PlyCount "27"]
[EventDate "2025.04.09"]
[EventType "swiss"]
[EventRounds "9"]
[EventCountry "ISL"]
[SourceTitle "CB17_2025"]
[SourceDate "2025.04.23"]
[SourceVersion "1"]
[SourceVersionDate "2025.04.23"]
[SourceQuality "1"]

1. c4 Nf6 2. Nc3 g6 3. e4 d6 4. d4 Bg7 5. f4 c5 6. d5 0-0 7. Bd3 Bg4 8. Qc2 Nbd7 9. h3 Bh5 10. g4 Bxg4 11. hxg4 Nxg4 12. Nf3 e5 13. dxe6 fxe6 14. Ng5 1-0

[Event "Reykjavik op"]
[Site "Reykjavik"]
[Date "2025.04.12"]
[Round "5"]
[White "Wadelek, Karol"]
[Black "Muskens, Mink"]
[Result "0-1"]
[WhiteElo "1979"]
[BlackElo "1841"]
[PlyCount "54"]
[EventDate "2025.04.09"]
[EventType "swiss"]
[EventRounds "9"]
[EventCountry "ISL"]
[SourceTitle "CB17_2025"]
[SourceDate "2025.04.23"]
[SourceVersion "1"]
[SourceVersionDate "2025.04.23"]
[SourceQuality "1"]

1. e4 c5 2. Nf3 d6 3. d4 cxd4 4. Nxd4 Nf6 5. Nc3 a6 6. h3 e5 7. Nde2 h5 8. Bg5 Be7 9. Bxf6 Bxf6 10. Qd3 Nc6 11. 0-0-0 0-0 12. Nd5 Be6 13. Kb1 Rc8 14. Qf3 Bxd5 15. exd5 e4 16. Qe3 Nb4 17. c3 Nd3 18. f4 Qa5 19. Nd4 Rxc3 20. Bxd3 Rxd3 21. Qxe4 Rd2 22. Qe1 Rxd1+ 23. Qxd1 Qxd5 24. Nf3 Qf5+ 25. Ka1 Qxf4 26. Qb3 Rc8 27. Qxb7 Qc1+ 0-1

[Event "Reykjavik op"]
[Site "Reykjavik"]
[Date "2025.04.11"]
[Round "4"]
[White "Borne, Milan"]
[Black "Wadelek, Karol"]
[Result "1/2-1/2"]
[WhiteElo "1673"]
[BlackElo "1979"]
[PlyCount "114"]
[EventDate "2025.04.09"]
[EventType "swiss"]
[EventRounds "9"]
[EventCountry "ISL"]
[SourceTitle "CB17_2025"]
[SourceDate "2025.04.23"]
[SourceVersion "1"]
[SourceVersionDate "2025.04.23"]
[SourceQuality "1"]

1. d4 Nf6 2. c4 e6 3. Nf3 c5 4. g3 cxd4 5. Nxd4 Bb4+ 6. Bd2 Be7 7. Bg2 0-0 8. 0-0 Nc6 9. Nxc6 bxc6 10. e4 d5 11. cxd5 cxd5 12. exd5 Nxd5 13. Nc3 Nxc3 14. Bxc3 Ba6 15. Qg4 Bf6 16. Rfd1 Qe7 17. Rd7 h5 18. Rxe7 hxg4 19. Bxf6 gxf6 20. Bxa8 Rxa8 21. Rd1 Bb5 22. b3 a5 23. a4 Bc6 24. Rc1 Bd5 25. Rec7 Bxb3 26. Rc8+ Rxc8 27. Rxc8+ Kg7 28. Rc5 Bxa4 29. Rxa5 Bc6 30. Kf1 Bf3 31. Ke1 Kg6 32. Kd2 e5 33. Ke3 Bg2 34. Rb5 Bc6 35. Rb8 Kg7 36. Rc8 Bg2 37. Rc4 f5 38. Rc5 Kf6 39. Rb5 Bh1 40. Rc5 Bg2 41. Kd3 Bf3 42. Kc4 Bg2 43. Kb5 Ke6 44. Kb6 f4 45. gxf4 exf4 46. Rc4 Ke5 47. Rc7 f5 48. Rc5+ Ke4 49. Kc7 f3 50. Kd6 f4 51. Rg5 Bh3 52. Re5+ Kd3 53. Re7 Kd2 54. Kc5 g3 55. hxg3 fxg3 56. fxg3 f2 57. Rf7 f1R 1/2-1/2

[Event "Warsaw Najdorf Memorial op-A"]
[Site "Warsaw"]
[Date "2024.07.12"]
[Round "4"]
[White "Suska, Szymon"]
[Black "Wadelek, Karol"]
[Result "1-0"]
[WhiteElo "2079"]
[BlackElo "1974"]
[PlyCount "69"]
[EventDate "2024.07.09"]
[EventType "swiss"]
[EventRounds "9"]
[EventCountry "POL"]
[SourceTitle "EXT 2025"]
[Source "ChessBase"]
[SourceDate "2024.10.14"]
[SourceVersion "1"]
[SourceVersionDate "2024.10.14"]
[SourceQuality "1"]

1. Nf3 Nf6 2. c4 e6 3. g3 b6 4. Bg2 Bb7 5. 0-0 c5 6. Nc3 Be7 7. e3 0-0 8. d4 cxd4 9. exd4 Qc8 10. Bg5 h6 11. Bxf6 Bxf6 12. Rc1 d6 13. b3 Nd7 14. Re1 Re8 15. Qd3 Qc7 16. h4 Rad8 17. Ne4 Be7 18. Qe3 Qb8 19. Nfd2 d5 20. Nc3 dxc4 21. Bxb7 Qxb7 22. bxc4 Nf6 23. Nce4 Qd7 24. Nf3 Nxe4 25. Qxe4 Qa4 26. g4 Rc8 27. g5 hxg5 28. hxg5 g6 29. Qf4 Bf8 30. Ne5 Re7 31. Ng4 Bg7 32. Nf6+ Kf8 33. d5 Qxa2 34. d6 Rb7 35. d7 1-0

[Event "Warsaw Najdorf Memorial op-A"]
[Site "Warsaw"]
[Date "2024.07.11"]
[Round "3"]
[White "Wadelek, Karol"]
[Black "Wiech, Grzegorz"]
[Result "0-1"]
[WhiteElo "1974"]
[BlackElo "2106"]
[PlyCount "76"]
[EventDate "2024.07.09"]
[EventType "swiss"]
[EventRounds "9"]
[EventCountry "POL"]
[SourceTitle "EXT 2025"]
[Source "ChessBase"]
[SourceDate "2024.10.14"]
[SourceVersion "1"]
[SourceVersionDate "2024.10.14"]
[SourceQuality "1"]

1. e4 c5 2. Nf3 d6 3. d4 cxd4 4. Nxd4 Nf6 5. Nc3 a6 6. Bg5 e6 7. f4 Qb6 8. Nb3 Nbd7 9. Qd2 Qc7 10. Be2 b5 11. a3 Bb7 12. Bf3 Be7 13. 0-0-0 h6 14. Bxf6 Nxf6 15. Kb1 Rc8 16. Nd4 Nd7 17. Ndxb5 axb5 18. Nxb5 Qc5 19. Nxd6+ Bxd6 20. Qxd6 Qxc2+ 21. Ka1 Nc5 22. f5 Ra8 23. Rb1 Nb3+ 24. Ka2 Qc4 25. Rbd1 Rc8 26. Kb1 Bxe4+ 27. Bxe4 Qxe4+ 28. Ka2 Qc4 29. Kb1 Qc7 30. Qb4 Rb8 31. Qa4+ Ke7 32. Qh4+ g5 33. fxg6+ f6 34. g7 Rhc8 35. g8N+ Rxg8 36. Qxh6 Qe5 37. Qh7+ Kf8 38. Rd7 Qf5+ 0-1

[Event "Warsaw Najdorf Memorial op-A"]
[Site "Warsaw"]
[Date "2024.07.10"]
[Round "2"]
[White "Dzida, Kamil"]
[Black "Wadelek, Karol"]
[Result "1/2-1/2"]
[WhiteElo "2385"]
[BlackElo "1974"]
[PlyCount "145"]
[EventDate "2024.07.09"]
[EventType "swiss"]
[EventRounds "9"]
[EventCountry "POL"]
[SourceTitle "EXT 2025"]
[Source "ChessBase"]
[SourceDate "2024.10.14"]
[SourceVersion "1"]
[SourceVersionDate "2024.10.14"]
[SourceQuality "1"]

1. e4 c5 2. Nf3 d6 3. d4 cxd4 4. Nxd4 Nf6 5. Nc3 a6 6. g3 e5 7. Nb3 Be7 8. Bg2 0-0 9. 0-0 Nbd7 10. a4 b6 11. Bg5 Bb7 12. Re1 Rc8 13. Nd2 Ne8 14. Be3 Nef6 15. Bg5 Ne8 16. Bxe7 Qxe7 17. Nf1 Nef6 18. Ne3 g6 19. Qd2 Rfd8 20. Rad1 Nf8 21. Bh3 Rc7 22. Ncd5 Bxd5 23. exd5 a5 24. Bf1 N8d7 25. f4 Ne4 26. Qg2 f5 27. fxe5 Qxe5 28. c3 Kh8 29. Bb5 Rb8 30. Bxd7 Rxd7 31. Nc4 Qf6 32. Nd2 Nc5 33. Qe2 Rbb7 34. Qb5 Qd8 35. Nf3 Ne4 36. Nd4 Qg5 37. Ne6 Qg4 38. Qc6 h5 39. Qc8+ Kh7 40. Nf8+ Kh6 41. Nxd7 Rxd7 42. Rd4 Re7 43. Qf8+ Rg7 44. Rdxe4 fxe4 45. Qxd6 Rf7 46. Qxb6 Rf3 47. Qd4 Qf5 48. d6 e3 49. Qd1 h4 50. Rf1 Rf2 51. Qe1 hxg3 52. Qxe3+ Kg7 53. Rxf2 gxf2+ 54. Qxf2 Qg4+ 55. Qg3 Qd1+ 56. Kf2 Qd2+ 57. Kf3 Qd3+ 58. Kf4 Qxd6+ 59. Ke3 Qe6+ 60. Kd4 Qd7+ 61. Kc5 Qxa4 62. Qe5+ Kf7 63. Qd5+ Kf8 64. b3 Qe8 65. Kb6 Qb8+ 66. Kxa5 Qc7+ 67. Kb5 Qxh2 68. b4 Qe2+ 69. c4 Ke7 70. Kb6 Qe6+ 71. Qxe6+ Kxe6 72. c5 Kd7 73. Kb7 1/2-1/2

[Event "Warsaw Najdorf Memorial op-A"]
[Site "Warsaw"]
[Date "2024.07.09"]
[Round "1"]
[White "Wadelek, Karol"]
[Black "Alvarado, Carlos"]
[Result "1-0"]
[WhiteElo "1974"]
[BlackElo "2108"]
[PlyCount "73"]
[EventDate "2024.07.09"]
[EventType "swiss"]
[EventRounds "9"]
[EventCountry "POL"]
[SourceTitle "EXT 2025"]
[Source "ChessBase"]
[SourceDate "2024.10.14"]
[SourceVersion "1"]
[SourceVersionDate "2024.10.14"]
[SourceQuality "1"]

1. e4 c6 2. d4 d5 3. exd5 cxd5 4. Bf4 Nc6 5. c3 Nf6 6. Nd2 g6 7. h4 Bg7 8. Bd3 0-0 9. h5 e5 10. dxe5 Ng4 11. Ngf3 Qb6 12. 0-0 Qxb2 13. Rb1 Qxc3 14. Rb3 Qa5 15. Re1 Qxa2 16. hxg6 hxg6 17. Qc1 Qa4 18. Bg3 Nb4 19. Bb1 Re8 20. Ra3 Qd7 21. Nb3 b6 22. Nbd4 Qe7 23. Bh4 Qb7 24. Rc3 Na6 25. Nb5 Nxe5 26. Nxe5 Rxe5 27. Rxe5 Bxe5 28. Re3 Bg7 29. Re8+ Kh7 30. Qg5 Bf5 31. Re7 Qc6 32. Nd4 Bxd4 33. Bxf5 Kg8 34. Be6 Bg7 35. Bxf7+ Kh7 36. Re6 Qc3 37. Qxg6+ 1-0

[Event "Krakow ICC op-B"]
[Site "Krakow"]
[Date "2024.06.25"]
[Round "5"]
[White "Botez, Alexandra"]
[Black "Wadelek, Karol"]
[Result "1-0"]
[WhiteElo "2011"]
[BlackElo "1974"]
[PlyCount "137"]
[EventDate "2024.06.20"]
[EventType "swiss"]
[EventRounds "9"]
[EventCountry "POL"]
[SourceTitle "EXT 2025"]
[Source "ChessBase"]
[SourceDate "2024.10.14"]
[SourceVersion "1"]
[SourceVersionDate "2024.10.14"]
[SourceQuality "1"]

1. d4 Nf6 2. c4 g6 3. Nc3 Bg7 4. e4 d6 5. f3 0-0 6. Be3 c5 7. Nge2 Qa5 8. Qd2 Nc6 9. 0-0-0 cxd4 10. Nxd4 Nxd4 11. Bxd4 Be6 12. Kb1 Rfc8 13. Bxf6 Bxf6 14. Nd5 Qxd2 15. Nxf6+ exf6 16. Rxd2 f5 17. Bd3 fxe4 18. Bxe4 Rxc4 19. Bxb7 Bf5+ 20. Ka1 Rb8 21. Bd5 Rc5 22. b3 Kf8 23. g4 Bd7 24. Re1 Bc6 25. Bxc6 Rxc6 26. Kb2 Re8 27. Rde2 Rec8 28. Rd1 Re8 29. Rdd2 Re7 30. b4 Rec7 31. a3 Rc3 32. Rc2 Rxc2+ 33. Rxc2 Rd7 34. Re2 Rc7 35. h3 h5 36. Re3 hxg4 37. fxg4 g5 38. Kb3 Rc6 39. a4 d5 40. b5 Rf6 41. Kb4 Rf4+ 42. Ka5 Rf6 43. Rd3 Rd6 44. Kb4 Ke7 45. Kc5 Ke6 46. Re3+ Kd7 47. Kd4 Rf6 48. Kxd5 Rf4 49. a5 f5 50. gxf5 Rxf5+ 51. Re5 Rf3 52. Rxg5 Rxh3 53. Rg7+ Kc8 54. Rxa7 Rh5+ 55. Kc4 Rh4+ 56. Kd3 Rh3+ 57. Ke4 Rh4+ 58. Kf3 Rh3+ 59. Kg4 Re3 60. b6 Rb3 61. Kf5 Kb8 62. Ke4 Rb1 63. Kd4 Rc1 64. Rh7 Ra1 65. Kc5 Rc1+ 66. Kb5 Rc8 67. a6 Rg8 68. a7+ Ka8 69. Ka6 1-0

[Event "Warsaw Najdorf Memorial op-A 20th"]
[Site "Warsaw"]
[Date "2023.07.16"]
[Round "6"]
[White "Wadelek, Karol"]
[Black "Zaninotto, Franco"]
[Result "1/2-1/2"]
[WhiteElo "1943"]
[BlackElo "2026"]
[PlyCount "159"]
[EventDate "2023.07.11"]
[EventType "swiss"]
[EventRounds "9"]
[EventCountry "POL"]
[SourceTitle "EXT 2024"]
[Source "ChessBase"]
[SourceDate "2023.10.10"]
[SourceVersion "1"]
[SourceVersionDate "2023.10.10"]
[SourceQuality "1"]

1. c4 e6 2. Nf3 Nf6 3. Nc3 d5 4. e3 b6 5. cxd5 exd5 6. d4 Bd6 7. Bd3 Bb7 8. Qc2 0-0 9. Nb5 a6 10. Nxd6 Qxd6 11. 0-0 Nbd7 12. b3 Ne4 13. Bb2 f5 14. Rac1 c6 15. Ne5 Nxe5 16. dxe5 Qe6 17. f3 Nc5 18. e4 Nxd3 19. Qxd3 Rad8 20. exd5 Rxd5 21. Qc2 Rfd8 22. Rcd1 g6 23. Rfe1 Kf7 24. Kf2 c5 25. h4 Rxd1 26. Rxd1 Rxd1 27. Qxd1 Qd5 28. Qc1 Qe6 29. Qh6 Kg8 30. h5 Bc6 31. Qg5 Be8 32. h6 a5 33. Qd8 Kf7 34. Kg3 Qc6 35. Kf4 Qe6 36. Kg3 Qc6 37. Bc1 Qe6 38. Bf4 Kf8 39. Qc7 Bd7 40. Bg5 Kf7 41. Bf6 Kg8 42. Kf4 Kf7 43. Bd8 Qc6 44. Qxb6 Qxb6 45. Bxb6 a4 46. Bxc5 axb3 47. axb3 Ke6 48. Bd6 Bb5 49. Ke3 Kd5 50. g3 Ba6 51. Kd2 Bc8 52. Kc3 Be6 53. Kb4 Kc6 54. f4 Bd5 55. Ka4 Kb6 56. Kb4 Be6 57. Bc5+ Kc6 58. Ba7 Bd5 59. Ka4 Be6 60. Kb4 Bf7 61. Kc3 Kd5 62. Kd3 Be6 63. Ke3 Bd7 64. Kf3 Ke6 65. g4 Bc6+ 66. Kg3 fxg4 67. Kxg4 Bd5 68. b4 Bc6 69. Bc5 Bd7 70. Bd6 Bc6 71. Kg3 Bd7 72. Kf3 Kd5 73. Ke3 Bb5 74. Be7 Bd7 75. Kd3 Bb5+ 76. Kc3 Bd7 77. Bf6 Bb5 78. Bg5 Bd7 79. Kb3 Bb5 80. Kc3 1/2-1/2

[Event "Warsaw Najdorf Memorial op-A 20th"]
[Site "Warsaw"]
[Date "2023.07.15"]
[Round "5"]
[White "Dylong, Antoni"]
[Black "Wadelek, Karol"]
[Result "1-0"]
[WhiteElo "2039"]
[BlackElo "1943"]
[PlyCount "99"]
[EventDate "2023.07.11"]
[EventType "swiss"]
[EventRounds "9"]
[EventCountry "POL"]
[SourceTitle "EXT 2024"]
[Source "ChessBase"]
[SourceDate "2023.10.10"]
[SourceVersion "1"]
[SourceVersionDate "2023.10.10"]
[SourceQuality "1"]

1. e4 c5 2. Nf3 d6 3. d4 cxd4 4. Nxd4 Nf6 5. Nc3 a6 6. Nb3 e6 7. g4 h6 8. Bg2 Be7 9. Be3 Nc6 10. Qe2 Qc7 11. 0-0-0 b5 12. e5 dxe5 13. Na5 e4 14. Nxe4 Nd5 15. Nxc6 Qxc6 16. Nc3 Bb7 17. Nxd5 exd5 18. Bxd5 Qc7 19. Bxb7 Qxb7 20. Bc5 Kf8 21. Qxe7+ Qxe7 22. Bxe7+ Kxe7 23. Rhe1+ Kf6 24. f4 Rhd8 25. Rd3 Rac8 26. Kd2 g6 27. Ree3 Rxd3+ 28. cxd3 h5 29. gxh5 gxh5 30. Re5 Rh8 31. d4 h4 32. Ke3 Rg8 33. d5 Rg1 34. Kd4 Rf1 35. d6 Rxf4+ 36. Kd5 Rf2 37. Re8 Rxh2 38. d7 Rd2+ 39. Kc6 Kf5 40. d8Q Rxd8 41. Rxd8 Kg4 42. Rg8+ Kf4 43. Rh8 Kg4 44. b4 h3 45. Kd5 f5 46. Ke5 f4 47. Ke4 Kg3 48. Rg8+ Kf2 49. Kxf4 h2 50. Rh8 1-0

[Event "Warsaw Najdorf Memorial op-A 20th"]
[Site "Warsaw"]
[Date "2023.07.13"]
[Round "3"]
[White "Budzisz, Adrian"]
[Black "Wadelek, Karol"]
[Result "1-0"]
[WhiteElo "2037"]
[BlackElo "1943"]
[PlyCount "85"]
[EventDate "2023.07.11"]
[EventType "swiss"]
[EventRounds "9"]
[EventCountry "POL"]
[SourceTitle "EXT 2024"]
[Source "ChessBase"]
[SourceDate "2023.10.10"]
[SourceVersion "1"]
[SourceVersionDate "2023.10.10"]
[SourceQuality "1"]

1. d4 Nf6 2. c4 e6 3. g3 Bb4+ 4. Nd2 Nc6 5. Ngf3 d5 6. a3 Bxd2+ 7. Qxd2 dxc4 8. Bg2 Rb8 9. Qc3 b5 10. Bg5 Bb7 11. Rd1 h6 12. Bxf6 Qxf6 13. Nd2 0-0 14. Ne4 Qe7 15. 0-0 Ba8 16. e3 Nd8 17. Ra1 Bd5 18. a4 a6 19. Rfc1 Nc6 20. Nc5 Bxg2 21. Kxg2 Ra8 22. b3 cxb3 23. Nxb3 Nb4 24. Qxc7 Qf6 25. Nc5 Nd5 26. Qa5 Qd8 27. axb5 Qxa5 28. Rxa5 axb5 29. Rxb5 Ra2 30. Kf3 Rfa8 31. Rb7 g5 32. h3 h5 33. g4 hxg4+ 34. hxg4 R8a3 35. Ne4 Kg7 36. Nxg5 Ra7 37. Nxe6+ Kf6 38. Rxa7 Rxa7 39. Nf4 Ne7 40. Rc5 Kg7 41. Ke4 Ng8 42. g5 Ne7 43. d5 1-0

[Event "Warsaw Szansa op"]
[Site "Warsaw"]
[Date "2022.09.18"]
[Round "11"]
[White "Wadelek, Karol"]
[Black "Adamski, Adam"]
[Result "0-1"]
[WhiteElo "1943"]
[BlackElo "1886"]
[PlyCount "80"]
[EventDate "2022.09.17"]
[EventType "swiss (rapid)"]
[EventRounds "11"]
[EventCountry "POL"]
[SourceTitle "EXT 2023"]
[Source "ChessBase"]
[SourceDate "2022.10.05"]
[SourceVersion "1"]
[SourceVersionDate "2022.10.05"]
[SourceQuality "1"]

1. c4 e6 2. Nf3 d5 3. e3 Nf6 4. Nc3 Be7 5. b3 0-0 6. d4 b6 7. cxd5 Bb4 8. Bd2 Bxc3 9. Bxc3 Nxd5 10. Bd2 Ba6 11. Bxa6 Nxa6 12. e4 Nf6 13. Qe2 Qc8 14. 0-0 Qb7 15. Rfe1 c5 16. Bc3 Rfd8 17. Rad1 cxd4 18. Bxd4 Nd7 19. Qb2 f6 20. Nd2 e5 21. Be3 Ndc5 22. Qb1 Nd3 23. Rf1 Rd7 24. f3 Rad8 25. Nc4 Nac5 26. Nb2 Nxb2 27. Rxd7 Qxd7 28. Qxb2 Ne6 29. Rc1 Qd3 30. Bf2 Nf4 31. Re1 Qd2 32. Qxd2 Rxd2 33. Ra1 h5 34. Kf1 Rc2 35. a4 Rb2 36. a5 Rxb3 37. axb6 axb6 38. Ra6 b5 39. g3 Rb1+ 40. Be1 Nd3 0-1

[Event "Warsaw Najdorf Memorial op-A 19th"]
[Site "Warsaw"]
[Date "2022.07.17"]
[Round "9"]
[White "Kulpa, Zuzanna"]
[Black "Wadelek, Karol"]
[Result "0-1"]
[WhiteElo "1985"]
[BlackElo "1944"]
[PlyCount "102"]
[EventDate "2022.07.09"]
[EventType "swiss"]
[EventRounds "9"]
[EventCountry "POL"]
[SourceTitle "CBM 209 Extra"]
[Source "ChessBase"]
[SourceDate "2022.09.30"]
[SourceVersion "1"]
[SourceVersionDate "2022.09.30"]
[SourceQuality "1"]

1. d4 Nf6 2. c4 e6 3. Nc3 Bb4 4. e3 b6 5. Nge2 Ba6 6. a3 Bxc3+ 7. Nxc3 d5 8. cxd5 Bxf1 9. Kxf1 exd5 10. g3 0-0 11. Kg2 Re8 12. b4 a6 13. Re1 Nbd7 14. Qf3 c6 15. Bb2 Qe7 16. Qe2 b5 17. f3 Nb6 18. e4 dxe4 19. Nxe4 Nfd5 20. Qf2 Qf8 21. Nc5 Rxe1 22. Rxe1 a5 23. bxa5 Rxa5 24. Re2 Nc4 25. Qe1 Ra8 26. Bc1 h6 27. Nd7 Qc8 28. Nc5 Kh7 29. Qd1 Rxa3 30. Qc2+ Kg8 31. Qe4 Ra8 32. Qd3 Ra1 33. Qc2 Ra7 34. Nd3 Qd8 35. Ne5 Nxe5 36. Rxe5 Qd7 37. Bd2 b4 38. Qb2 Rb7 39. Qb3 Ra7 40. Qb2 Ra8 41. Re2 Qf5 42. Re4 Rb8 43. Qc2 Qd7 44. Qb3 Nf6 45. Rh4 Qe6 46. Qb2 Qe2+ 47. Kg1 Nd5 48. Qc1 b3 49. Bxh6 b2 50. Qb1 gxh6 51. Rg4+ Kf8 0-1

[Event "Krakow op-B 26th"]
[Site "Krakow"]
[Date "2016.01.02"]
[Round "7"]
[White "Wadelek, Karol"]
[Black "Mika, Tomasz"]
[Result "0-1"]
[WhiteElo "1926"]
[BlackElo "2016"]
[PlyCount "82"]
[EventDate "2015.12.27"]
[EventType "swiss"]
[EventRounds "9"]
[EventCountry "POL"]
[SourceTitle "CBM 170 Extra"]
[Source "ChessBase"]
[SourceDate "2016.02.25"]
[SourceVersion "1"]
[SourceVersionDate "2016.02.25"]
[SourceQuality "1"]

1. e4 c5 2. Nf3 Nf6 3. Nc3 d5 4. exd5 Nxd5 5. Bb5+ Bd7 6. Ne5 Bxb5 7. Qf3 f6 8. Nxb5 Na6 9. Qh5+ g6 10. Nxg6 hxg6 11. Qxh8 Qd7 12. Nc3 Qe6+ 13. Kf1 Nab4 14. Qh3 Qxh3 15. gxh3 Nc7 16. Rb1 Nxc2 17. Kg2 Rd8 18. d3 Rxd3 19. Rd1 c4 20. Rxd3 cxd3 21. Be3 b5 22. Bxa7 b4 23. Ne4 Nd5 24. Bc5 Bh6 25. a4 bxa3 26. Bxa3 f5 27. Nc5 d2 28. Nb3 e5 29. Kf3 e4+ 30. Ke2 Nxa3 31. Ra1 Nc4 32. Ra7 Nxb2 33. Nxd2 Nc3+ 34. Ke1 Nd3+ 35. Kf1 Bxd2 36. Rg7 f4 37. Rxg6 Kf7 38. Rc6 e3 39. fxe3 fxe3 40. Rxc3 Bxc3 41. Ke2 Bd2 0-1

[Event "Krakow op-B 26th"]
[Site "Krakow"]
[Date "2015.12.28"]
[Round "2"]
[White "Wadelek, Karol"]
[Black "Krasiewicz, Robert"]
[Result "0-1"]
[WhiteElo "1926"]
[BlackElo "2073"]
[PlyCount "74"]
[EventDate "2015.12.27"]
[EventType "swiss"]
[EventRounds "9"]
[EventCountry "POL"]
[SourceTitle "CBM 170 Extra"]
[Source "ChessBase"]
[SourceDate "2016.02.25"]
[SourceVersion "1"]
[SourceVersionDate "2016.02.25"]
[SourceQuality "1"]

1. e4 e6 2. d4 d5 3. Nc3 Nf6 4. Bg5 Bb4 5. e5 h6 6. Be3 Ne4 7. Qg4 g5 8. h4 h5 9. hxg5 hxg4 10. Rxh8+ Bf8 11. Nxe4 dxe4 12. Ne2 Qe7 13. Nc3 Qb4 14. 0-0-0 Nd7 15. Nxe4 b6 16. a3 Qa4 17. Nf6+ Ke7 18. g6 fxg6 19. Bg5 Bg7 20. Nxd7+ Kf7 21. Rd8 Bb7 22. Rxa8 Bxa8 23. Nf6 Bxf6 24. Bxf6 Be4 25. Rd2 Qc6 26. g3 Bf5 27. Bg5 Qh1 28. Rd1 Qf3 29. Be3 Qd5 30. Be2 Qa2 31. c4 Qb1+ 32. Kd2 Qxb2+ 33. Ke1 c6 34. Bc1 Qc3+ 35. Kf1 Bc2 36. Rd2 Bb3 37. Ke1 Qxc1+ 0-1

[Event "Warsaw Najdorf Memorial op-B 12th"]
[Site "Warsaw"]
[Date "2014.07.21"]
[Round "8"]
[White "Wadelek, Karol"]
[Black "Janik, Igor"]
[Result "0-1"]
[WhiteElo "1850"]
[BlackElo "1997"]
[PlyCount "124"]
[EventDate "2014.07.14"]
[EventType "swiss"]
[EventRounds "9"]
[EventCountry "POL"]
[SourceTitle "EXT 2016"]
[Source "ChessBase"]
[SourceDate "2015.10.08"]
[SourceVersion "1"]
[SourceVersionDate "2015.10.08"]
[SourceQuality "1"]

1. c4 g6 2. Nc3 Bg7 3. g3 Nf6 4. Bg2 0-0 5. e4 d6 6. Nge2 c5 7. 0-0 Nc6 8. d3 Bd7 9. h3 a6 10. Be3 Ne8 11. Qd2 b5 12. cxb5 axb5 13. Nxb5 Ne5 14. f4 Bxb5 15. fxe5 Bxe5 16. Nc3 Bc6 17. d4 cxd4 18. Bxd4 Bxg3 19. Qg5 Be5 20. Bxe5 Qb6+ 21. Kh1 f6 22. Bxf6 Nxf6 23. Qd2 Nh5 24. Kh2 Qa5 25. Qd4 Bb7 26. Qc4+ Kg7 27. Qd4+ Nf6 28. Nd5 e5 29. Qc3 Bxd5 30. Qxa5 Rxa5 31. exd5 Rb8 32. b3 Nxd5 33. Bxd5 Rxd5 34. Rfd1 Ra5 35. Rxd6 Rxb3 36. axb3 Rxa1 37. Rd7+ Kh6 38. Re7 Ra5 39. h4 Rb5 40. Kg2 Rb4 41. Rxe5 Rxh4 42. Rb5 g5 43. Rb7 Kg6 44. Rb6+ Kh5 45. Rb7 h6 46. Rb6 Rd4 47. Kf3 g4+ 48. Ke3 Rd8 49. Rc6 Rb8 50. Rc3 Kh4 51. Kf2 h5 52. Kg2 Rb5 53. Kh2 Rb4 54. Kg2 Rb5 55. Kh2 Rd5 56. Rc2 Rd4 57. Kg2 Rd5 58. Kh2 Kg5 59. b4 h4 60. Rb2 g3+ 61. Kh3 Rd1 62. Rb3 Rd2 0-1

[Event "Warsaw Najdorf Memorial op-B 12th"]
[Site "Warsaw"]
[Date "2014.07.14"]
[Round "1"]
[White "Rodriguez Garcia, Manuel Francisco"]
[Black "Wadelek, Karol"]
[Result "1-0"]
[WhiteElo "2160"]
[BlackElo "1850"]
[PlyCount "46"]
[EventDate "2014.07.14"]
[EventType "swiss"]
[EventRounds "9"]
[EventCountry "POL"]
[SourceTitle "EXT 2016"]
[Source "ChessBase"]
[SourceDate "2015.10.08"]
[SourceVersion "1"]
[SourceVersionDate "2015.10.08"]
[SourceQuality "1"]

1. d4 Nf6 2. c4 e6 3. Nc3 c5 4. d5 exd5 5. cxd5 d6 6. e4 g6 7. f4 Bg7 8. Bb5+ Nfd7 9. Be2 0-0 10. Nf3 Re8 11. 0-0 Nf6 12. e5 dxe5 13. fxe5 Ng4 14. Bg5 Qb6 15. d6 Be6 16. Nd5 Bxd5 17. Qxd5 Nd7 18. Bc4 Ngxe5 19. Nxe5 Nxe5 20. Rxf7 Nxf7 21. Qxf7+ Kh8 22. Bf6 Rg8 23. Re1 Qd8 1-0

[Event "Warsaw YMCA Spring-B 139th"]
[Site "Warsaw"]
[Date "2014.06.11"]
[Round "9"]
[White "Gajewski, Dariusz"]
[Black "Wadelek, Karol"]
[Result "1/2-1/2"]
[WhiteElo "1899"]
[BlackElo "1827"]
[PlyCount "108"]
[EventDate "2014.04.08"]
[EventType "tourn"]
[EventRounds "11"]
[EventCountry "POL"]
[SourceTitle "EXT 2015"]
[Source "ChessBase"]
[SourceDate "2014.11.20"]
[SourceVersion "1"]
[SourceVersionDate "2014.11.20"]
[SourceQuality "1"]

1. e4 c5 2. Nf3 d6 3. d4 cxd4 4. Nxd4 Nf6 5. Nc3 a6 6. Bg5 e6 7. f4 Qb6 8. Qd2 Qxb2 9. Rb1 Qa3 10. e5 h6 11. Bh4 dxe5 12. fxe5 Nd5 13. Nxd5 exd5 14. e6 Bxe6 15. Nxe6 fxe6 16. Bd3 Be7 17. Bxe7 Qxe7 18. Bg6+ Kd8 19. 0-0 Rf8 20. Rxf8+ Qxf8 21. Rxb7 Qc5+ 22. Kh1 Nd7 23. Qf4 Kc8 24. Rb3 Rb8 25. Rxb8+ Nxb8 26. Qf7 Qe3 27. Qg8+ Kc7 28. Qxg7+ Kb6 29. Qb2+ Kc5 30. h3 Nc6 31. Bd3 a5 32. Qb5+ Kd6 33. Qb2 Qe1+ 34. Kh2 Qe5+ 35. Qxe5+ Kxe5 36. c3 Kf4 37. Bh7 e5 38. g4 Kf3 39. Kg1 Kg3 40. Bf5 e4 41. Kf1 Kf3 42. Be6 Ne7 43. Ke1 Ke3 44. h4 Kd3 45. g5 hxg5 46. hxg5 Kxc3 47. g6 Nxg6 48. Bxd5 Kd3 49. Bc6 Nf4 50. Bb5+ Kd4 51. Kd1 e3 52. Kc2 Nd5 53. Kb3 Nc3 54. Ba6 Nxa2 1/2-1/2

[Event "Warsaw YMCA Spring-B 139th"]
[Site "Warsaw"]
[Date "2014.05.16"]
[Round "6"]
[White "Wadelek, Karol"]
[Black "Lewandrowski, Tomasz"]
[Result "0-1"]
[WhiteElo "1827"]
[BlackElo "1854"]
[PlyCount "134"]
[EventDate "2014.04.08"]
[EventType "tourn"]
[EventRounds "11"]
[EventCountry "POL"]
[SourceTitle "EXT 2015"]
[Source "ChessBase"]
[SourceDate "2014.11.20"]
[SourceVersion "1"]
[SourceVersionDate "2014.11.20"]
[SourceQuality "1"]

1. e4 c5 2. Nf3 g6 3. c4 Bg7 4. g3 Nc6 5. Bg2 d6 6. d3 Bg4 7. h3 Bxf3 8. Bxf3 h5 9. Bg2 Qa5+ 10. Kf1 e6 11. Bd2 Qb6 12. Nc3 Qxb2 13. Rb1 Qa3 14. Rxb7 Na5 15. Qf3 Nxb7 16. e5 d5 17. Nb5 Qxa2 18. Nc7+ Ke7 19. Bg5+ f6 20. Nxe6 fxg5 21. Nxg7 Rf8 22. Qe3 d4 23. Qxg5+ Kd7 24. e6+ Kc8 25. f4 Qb1+ 26. Kf2 Qb2+ 27. Kg1 Qb6 28. Kh2 Qc7 29. Rb1 Nd8 30. Qd5 Nc6 31. Qxc6 Qxc6 32. Bxc6 Kc7 33. Bd5 Rb8 34. Ra1 Rb2+ 35. Kg1 Kb8 36. Ne8 Rb6 37. Ra5 Rh7 38. Rb5 Rxb5 39. cxb5 Re7 40. Nd6 Nf6 41. Bc4 Ne8 42. Ne4 Rc7 43. Kf2 Kc8 44. Kf3 Kd8 45. g4 Ke7 46. f5 gxf5 47. gxf5 Nf6 48. Kf4 Nxe4 49. dxe4 d3 50. Bxd3 c4 51. Bc2 Rc5 52. e5 Rxb5 53. Ba4 c3 54. Bxb5 c2 55. f6+ Kxe6 56. Bc4+ Kd7 57. e6+ Kd6 58. e7 c1Q+ 59. Kf5 Qc2+ 60. Kg5 Qe4 61. Bd3 Qe5+ 62. Bf5 a5 63. Kg6 a4 64. Kf7 Qd5+ 65. Kf8 Qxf5 66. f7 Qe5 67. e8N+ Kd7 0-1